| 000 | 00839cam a2200265 a 4500 | ||
|---|---|---|---|
| 001 | 000019478 | ||
| 005 | 20200929170030.0 | ||
| 008 | 741125s1968 sp 001 f spa d | ||
| 040 |
_aDO-SdBNP _bspa _cLC _dBNPHU |
||
| 082 |
_a863.3 _bG731cr, 1968 |
||
| 100 | 1 |
_aGracián y Morales, Baltasar, _d1601-1658 _93393 |
|
| 245 | 1 | 3 |
_aEl criticón / _cBaltasar Gracián ; edición de Ismael Quiles. |
| 250 | _a7a ed. | ||
| 260 |
_aMadrid : _bEspasa-Calpe, _c1968. |
||
| 300 |
_a410, [16] p. ; _c18 cm. |
||
| 490 | 1 |
_aAustral. Gris: clásicos _v400 |
|
| 500 | _aIncluye índice de autores | ||
| 650 | 4 |
_aNovela española _91123 |
|
| 650 | 4 |
_aLiteratura española _9632 |
|
| 700 | 1 |
_aQuiles, Ismael, _eed. _941845 |
|
| 830 | 0 |
_aAustral. _pGris: clásicos; _v400 _98199 |
|
| 910 | _aCatalogación derivada / LC | ||
| 910 | _aWM | ||
| 049 | _aBNGR | ||
| 999 |
_c18994 _d18994 |
||